| 000 | 02157 a2200277 4500 | ||
|---|---|---|---|
| 005 | 20090330105144.0 | ||
| 008 | 090330t xxu||||| |||| 00| 0 hin d | ||
| 010 | _aB-293928-932 | ||
| 020 |
_a8189068113 _c150.00 |
||
| 035 | _aB-293928-932 | ||
| 037 | _bकिरण प्रकाशन/ | ||
| 040 |
_adpl _bhn |
||
| 082 | _a920 | ||
| 100 | _aआर्य, जगतराम | ||
| 245 |
_aवीरता भरा जीवन/ _cजगतराम आर्य |
||
| 260 |
_aदिल्ली _bकिरण प्रकाशन _c2007 |
||
| 270 |
_a85, बलदेव पार्क(नजदीक सनातन धर्म मंदिर) _bदिल्ली _e110051 _cदिल्ली |
||
| 300 |
_a208पृ _c22 सेमी (सजिल्द) _bसचित्र |
||
| 942 |
_adpl _cHN _k / आर्यज _2ddc _h920 _mआर्यज |
||
| 999 |
_c12914 _d12914 |
||